书目信息 |
| 题名: |
防治老年慢性气管炎药用植物资料
|
|
| 作者: | ;中国科学院植物研究所防治气管炎药用植物资源组 编 | |
| 分册: | ||
| 出版信息: | 北京 人民卫生出版社 1972 |
|
| 页数: | 68页 | |
| 开本: | 20cm | |
| 丛书名: | ||
| 单 册: | ||
| 中图分类: | R931.71 | |
| 科图分类: | ||
| 主题词: | 生约学 | |
| 电子资源: | ||
| ISBN: | ||
| 000 | 00829nam0 2200205 450 | |
| 001 | 0633308214 | |
| 005 | 20060327091805.39 | |
| 010 | @dCNY0.16 | |
| 100 | @a20060327d1972 km y0chiy0120 ea | |
| 101 | 0 | @achi |
| 102 | @aCN@b110000 | |
| 200 | 1 | @a防治老年慢性气管炎药用植物资料@Afang zhi lao nian man xing qi guan yan yao yong zhi wu zi liao@f中国科学院植物研究所防治气管炎药用植物资源组编@Fzhong guo ke xue yuan zhi wu yan jiu suo fang zhi qi guan yan yao yong zhi wu zi yuan zu bian |
| 210 | @a北京@c人民卫生出版社@d1972 | |
| 215 | 1 | @a68页@d20cm |
| 300 | @a只限国内发行 | |
| 606 | 0 | @a生约学 |
| 690 | @aR931.71@v4 | |
| 711 | 0 | @a中国科学院植物研究所防治气管炎药用植物资源组@Azhong guo ke xue yuan zhi wu yan jiu suo fang zhi qi guan yan yao yong zhi wu zi yuan zu@4编 |
| 801 | 0 | @aCN@bPFT@c20060327 |
| 905 | @a10447@dR931.71@e8 | |
| 防治老年慢性气管炎药用植物资料/中国科学院植物研究所防治气管炎药用植物资源组编.-北京:人民卫生出版社,1972 |
| 68页;20cm |
| 只限国内发行 |
| ISBN :CNY0.16 |
| ● |
| 相关链接 |
|
|
|
|
正题名:防治老年慢性气管炎药用植物资料
索取号:R931.71/8
 
预约/预借
| 序号 | 登录号 | 条形码 | 馆藏地/架位号 | 状态 | 备注 |
| 1 | 0018056 | 001698256 | 密集书库/ [索取号:R931.71/8] | 在馆 |